LEADER 01607nas a2200277 i 4500 001 000000001860 003 CaOOAMICUS 005 20260310112000.0 008 180830c19789999it ar p yy o0 a0ita r 040 $aSeMil$bita 245 00$aAnnuario della CEI /$cConferenza Episcopale Italiana. 260 $aRoma :$bConferenza Episcopale Italiana,$c1978- 300 $av. ;$c21 cm. 310 $aAnnuale 362 0 $a1978- 500 $aUltima annata collocata in Sala Lettura (SL1.L IV G) 510 4 $aCod. rivista ACNP:$cPT 2353466 650 4$aConferenza Episcopale Italiana.$0(OLS)http://semarc/subject/657 650 4$aVescovi italiani.$0(OLS)http://semarc/subject/658 710 2 $aConferenza Episcopale Italiana.$0(OLS)http://semarc/name/95789 850 $aSeMil 852 $aSeMil$W1$xVenegono$y1$pCliccare per visualizzare collocazione, posseduto cumulativo e fascicoli ricevuti dell?annata corrente

Cliccare per visualizzare eventuali spogli (alla eventuale voce ?Indici? in fondo di pagina)$B228255$CSeMilBibl$Z2$F228255 $85 961 $aOmaggio 996 $6245$aAnnuario della CEI$9(OLS)http://semarc/title/3062 996 $6260$aRoma :$bConferenza Episcopale Italiana$9(OLS)http://semarc/publisher/30069